[Event "Munich Pfingst op-A 1st"]
[Site "Munich"]
[Date "2023.06.05"]
[Round "8"]
[White "Trost, Edvin"]
[Black "Ivanov, Mike"]
[Result "1-0"]
[WhiteElo "2399"]
[BlackElo "2321"]
[PlyCount "91"]
[EventDate "2023.05.31"]
[EventType "swiss"]
[EventRounds "9"]
[EventCountry "GER"]
[SourceTitle "EXT 2024"]
[Source "ChessBase"]
[SourceDate "2023.10.10"]
[SourceVersion "1"]
[SourceVersionDate "2023.10.10"]
[SourceQuality "1"]

1. Nf3 Nf6 2. g3 d6 3. Bg2 e5 4. 0-0 c5 5. d3 h6 6. c4 Nc6 7. Nc3 Be7 8. Ne1 Be6 9. Nd5 Qd7 10. Nc2 0-0 11. a3 Bh3 12. Nce3 Bxg2 13. Kxg2 Nd4 14. Nxf6+ Bxf6 15. Nd5 Bd8 16. b4 Bb6 17. Bxh6 f5 18. Be3 Ne6 19. f3 Rae8 20. Rb1 Bd8 21. bxc5 dxc5 22. Qb3 b6 23. a4 Bg5 24. Bxg5 Nxg5 25. a5 e4 26. f4 Ne6 27. dxe4 fxe4 28. axb6 axb6 29. e3 Rb8 30. Qc2 Nc7 31. Rfd1 Nxd5 32. Rxd5 Qg4 33. Rf1 Qg6 34. Rg5 Qf7 35. Rd1 b5 36. cxb5 Rxb5 37. Rd2 Rc8 38. Qxe4 Rb4 39. Qe5 Rbb8 40. Rd6 c4 41. Rdg6 Qb7+ 42. Kh3 Rc7 43. Qe6+ Kf8 44. Rf6+ Rf7 45. Rxf7+ Qxf7 46. Qd6+ 1-0

[Event "Munich Pfingst op-A 1st"]
[Site "Munich"]
[Date "2023.06.02"]
[Round "3"]
[White "Ivanov, Mike"]
[Black "Sorensen, Hampus"]
[Result "1/2-1/2"]
[WhiteElo "2321"]
[BlackElo "2449"]
[PlyCount "176"]
[EventDate "2023.05.31"]
[EventType "swiss"]
[EventRounds "9"]
[EventCountry "GER"]
[SourceTitle "CBM 214 Extra"]
[Source "ChessBase"]
[SourceDate "2023.07.31"]
[SourceVersion "1"]
[SourceVersionDate "2023.07.31"]
[SourceQuality "1"]

1. e4 c5 2. Nf3 Nc6 3. Bb5 g6 4. 0-0 Bg7 5. Re1 e5 6. a3 Nge7 7. b4 d6 8. c3 0-0 9. d3 h6 10. Be3 b6 11. Bc4 d5 12. Ba2 d4 13. cxd4 cxd4 14. Bc1 b5 15. Nbd2 a5 16. bxa5 Nxa5 17. Rb1 Bd7 18. h4 Nb7 19. h5 g5 20. Nf1 Nc5 21. Ng3 Qc7 22. Qc2 Rfc8 23. Bd2 Qb6 24. Bb4 Nxe4 25. Qe2 Nxg3 26. fxg3 Nc6 27. Bxf7+ Kh8 28. Qe4 Ra6 29. Bd6 Qd8 30. Nxe5 Nxe5 31. Bxe5 Bxe5 32. Qxe5+ Qf6 33. Qxf6+ Rxf6 34. Bg6 Rc2 35. Be4 Rc3 36. Rec1 Ra6 37. Rf1 Kg7 38. a4 Rc5 39. axb5 Bxb5 40. Rfc1 Rxc1+ 41. Rxc1 Ra7 42. Rb1 Be8 43. Rb4 Ra4 44. Rb7+ Kf8 45. g4 Ra6 46. Kh2 Rd6 47. Kg3 Bf7 48. Ra7 Be8 49. Bf5 Bf7 50. Rc7 Bd5 51. Ra7 Bf7 52. Kf2 Be8 53. g3 Bf7 54. Ke1 Be8 55. Kd2 Bf7 56. Rc7 Be8 57. Kc2 Rc6+ 58. Rxc6 Bxc6 59. Kb3 Ke7 60. Kc4 Kd6 61. Kxd4 Bf3 62. Ke3 Bc6 63. Be4 Bd7 64. Bf5 Bc6 65. Kd2 Bf3 66. Kc3 Kc5 67. Bc8 Bg2 68. Bd7 Bf3 69. Bf5 Bb7 70. Be4 Bc8 71. d4+ Kd6 72. Bf3 Ba6 73. Kd2 Bc8 74. Ke3 Be6 75. Bd1 Bd5 76. Bc2 Be6 77. Bf5 Bd5 78. Be4 Be6 79. Bf3 Bc8 80. Kd3 Ba6+ 81. Kc3 Bf1 82. Kd2 Ba6 83. Ke3 Bc8 84. d5 Ke5 85. Kd3 Ba6+ 86. Kc3 Bf1 87. Kb4 Kd6 88. Kc3 Ke5 1/2-1/2

[Event "Djenovici TS04 IM 5th"]
[Site "Djenovici"]
[Date "2023.05.20"]
[Round "1"]
[White "Thorsteinsson, Thorsteinn"]
[Black "Ivanov, Mike"]
[Result "1/2-1/2"]
[WhiteElo "2218"]
[BlackElo "2321"]
[PlyCount "61"]
[EventDate "2023.05.20"]
[EventType "tourn"]
[EventRounds "9"]
[EventCountry "MNE"]
[EventCategory "1"]
[SourceTitle "CBM 214 Extra"]
[Source "ChessBase"]
[SourceDate "2023.07.31"]
[SourceVersion "1"]
[SourceVersionDate "2023.07.31"]
[SourceQuality "1"]

1. c4 e5 2. g3 Nc6 3. Bg2 Bc5 4. Nc3 a6 5. Nf3 d6 6. e3 Bg4 7. h3 Bh5 8. a3 f5 9. b4 Ba7 10. d3 Nf6 11. Qb3 Qd7 12. Nd2 f4 13. g4 fxe3 14. fxe3 Bg6 15. Nde4 Nxe4 16. Nxe4 0-0 17. Bd2 Kh8 18. Ke2 Nd8 19. Raf1 Ne6 20. Rxf8+ Rxf8 21. Rf1 Rd8 22. Ng3 c6 23. Bc3 Qe7 24. Nf5 Bxf5 25. Rxf5 Nd4+ 26. Bxd4 exd4 27. e4 Qe6 28. Qc2 Re8 29. Kf1 g6 30. Rf2 Bb6 31. Qe2 1/2-1/2

[Event "Bodensee op"]
[Site "Bregenz"]
[Date "2023.05.18"]
[Round "6"]
[White "Ivanov, Mike"]
[Black "Uhl, Michael"]
[Result "1-0"]
[WhiteElo "2321"]
[BlackElo "2032"]
[PlyCount "53"]
[EventDate "2023.05.13"]
[EventType "swiss"]
[EventRounds "9"]
[EventCountry "AUT"]
[SourceTitle "CBM 215 Extra"]
[Source "ChessBase"]
[SourceDate "2023.09.30"]
[SourceVersion "1"]
[SourceVersionDate "2023.09.30"]
[SourceQuality "1"]

1. e4 e5 2. f4 Nc6 3. Nf3 exf4 4. Nc3 g5 5. g3 g4 6. Nh4 d6 7. d4 f3 8. Be3 Bh6 9. Bxh6 Nxh6 10. Qd2 Ng8 11. 0-0-0 Nce7 12. Bc4 c6 13. d5 b5 14. Bb3 b4 15. Qd4 f6 16. dxc6 bxc3 17. Qxc3 Qc7 18. Qc4 Nh6 19. Rd2 Rf8 20. Rhd1 Nf7 21. Qb5 Rb8 22. Qh5 Ba6 23. Rxd6 f2 24. Rd7 Qxc6 25. Ba4 Bb5 26. Bxb5 Qxb5 27. Rd8+ 1-0

[Event "Sunway Formentera op 2nd"]
[Site "Sant Ferran de ses Roques"]
[Date "2023.04.28"]
[Round "10"]
[White "Ivanov, Mike"]
[Black "Panda, Sambit"]
[Result "1/2-1/2"]
[WhiteElo "2288"]
[BlackElo "2452"]
[PlyCount "62"]
[EventDate "2023.04.18"]
[EventType "swiss"]
[EventRounds "10"]
[EventCountry "ESP"]
[SourceTitle "CBM 213 Extra"]
[Source "ChessBase"]
[SourceDate "2023.05.31"]
[SourceVersion "1"]
[SourceVersionDate "2023.05.31"]
[SourceQuality "1"]

1. e4 c6 2. Nf3 d5 3. Nc3 Bg4 4. d4 Nf6 5. h3 Bxf3 6. Qxf3 e6 7. Qd3 Be7 8. Be2 0-0 9. 0-0 dxe4 10. Nxe4 Nbd7 11. Nxf6+ Bxf6 12. Be3 Qc7 13. c4 Rfd8 14. Qc2 Nf8 15. Rad1 Ng6 16. Rd2 Ne7 17. Bd3 g6 18. Be4 Nf5 19. Bxf5 exf5 20. g3 Rd7 21. Rfd1 Rad8 22. b3 Qa5 23. Rd3 f4 24. Bxf4 Qf5 25. R3d2 Qxh3 26. d5 cxd5 27. cxd5 h5 28. f3 Be7 29. Rh2 Qf5 30. Qxf5 gxf5 31. Rhd2 Bd6 1/2-1/2

[Event "Sunway Formentera op 2nd"]
[Site "Sant Ferran de ses Roques"]
[Date "2023.04.27"]
[Round "9"]
[White "Rakhmangulova, Anastasiya"]
[Black "Ivanov, Mike"]
[Result "0-1"]
[WhiteElo "2266"]
[BlackElo "2288"]
[PlyCount "76"]
[EventDate "2023.04.18"]
[EventType "swiss"]
[EventRounds "10"]
[EventCountry "ESP"]
[SourceTitle "CBM 213 Extra"]
[Source "ChessBase"]
[SourceDate "2023.05.31"]
[SourceVersion "1"]
[SourceVersionDate "2023.05.31"]
[SourceQuality "1"]

1. e4 e6 2. d4 d5 3. Nd2 c5 4. Ngf3 Nc6 5. exd5 exd5 6. Bb5 cxd4 7. 0-0 Bd6 8. Nb3 Nge7 9. Bg5 0-0 10. Bh4 Bg4 11. Bg3 Bxg3 12. hxg3 Qb6 13. Bxc6 Nxc6 14. Qd2 Bxf3 15. gxf3 a5 16. a4 Rac8 17. Rac1 Ne5 18. Qxa5 Nxf3+ 19. Kg2 Qe6 20. Nd2 b6 21. Qb4 Nh4+ 22. Kh2 Qh6 23. Rfd1 Rfe8 24. Kg1 Re4 25. Nxe4 Nf3+ 26. Kg2 dxe4 27. Rh1 Qe6 28. Rh5 d3 29. a5 bxa5 30. Qxa5 g6 31. Rc5 d2 32. Ra1 Re8 33. Qc3 Rd8 34. Rc7 h5 35. Rd1 Qg4 36. Qf6 Rf8 37. Ra1 Ng5 38. f3 exf3+ 0-1